000 00199 a2200097 4500
001 27552
100 _aGottfried, B
245 _aFortran IV
260 _a
_bQuantum pub
_c1973
090 _c18340
_d18340
942 _aNUST-CAE
_cM
_c9270
999 _c262625
_d262625